Statistics for Managers of Chelsea From 2000-present

Click here to take the quiz!

General Stats

  • This quiz has been taken 347 times
  • The average score is 8 of 11

Answer Stats

YearsManager% Correct
2013-Jose Mourinho
98%
2004-2007Jose Mourinho
98%
2012Roberto Di Matteo
88%
2009-2011Carlo Ancelotti
84%
2011-2012Andre Villas-Boas
74%
2000-2004Claudio Ranieri
72%
2012-2013Rafael Benitez
71%
2007-2008Avram Grant
66%
2009Guus Hiddink
65%
2008-2009Luis Felipe Scolari
58%
2009Ray Wilkins
22%

Score Distribution

Percentile by Number Answered

Percent of People with Each Score

Your Score History

You have not taken this quiz